000 00362nam a2200145Ia 4500
008 150201s2006 xx 000 0 und d
082 _a612.015
_bP2006S
100 _aSINGH,SP
245 _aPRINCIPLES OF BIOCHEMISTRY
250 _a1ST
260 _bC.B.S PUBLISHERS & DISTRIBUTERS
_aDELHI
_c2006
300 _a1-326
650 _aBIOCHEMISTRY
942 _2ddc
_cBK
999 _c4062
_d4062